01427nam a2200313 i 4500001001000000003000900010005001700019007000300036008004100039040003000080041000800110082002800118110007900146240001600225245016100241246004700402264009900449300002800548336002800576337003400604338003000638590002700668650006000695650005300755650006900808942001400877952020500891999001701096000020538DO-SdBNP20250725112334.0ta090630s1979 dr f 000 0 spa d aDO-SdBNPbspacBNPHUerda aspa 4a340.016bR426i 19792221 aRepública Dominicana.bConsultoría Jurídica del Poder Ejecutivo948310aLeyes, etc.10aÍndice general de la legislación de la República Dominicana año 1964 :bsección de registro de leyes consultoría jurídica del Poder Ejecutivo.10aLegislación de la República Dominicana aSanto Domingo, República Dominicana :bConsultoría Jurídica del Poder Ejecutivo,c1979. a337 páginas ;c23 cm. atextobtxt2rdacontent  asin mediaciónbn2rdamedia  avolumen bnc2rdacarrier  aInventariado, 2019/ YL 4aLegislaciónzRepública DominicanavÍNDICE.913207 4aLeyeszRepública DominicanavÍNDICES.919100 4aPromulgacion de leyeszRepública DominicanavÍNDICES.943264 2ddccLBS1 00102ddc51708PDaBNPHUbBNPHUcHDd2019-07-23l0oBNPHU PD 340.016 R426i 1979p20538-10r2020-06-25w2020-06-25yLBS1zPerteneció a la biblioteca personal de la familia Reyes DulucZNo se presta c20042d20042